Statistics for Every Lesley Gore song that hit the Billboard hot 100

Click here to take the quiz!

General Stats

  • This quiz has been taken 13 times
  • The average score is 9 of 19

Answer Stats

Peak Chart PositionYearSong% Correct
11963It's My Party
92%
51963Judy's Turn To Cry
75%
21964You Don't Own Me
75%
51963She's A Fool
67%
121964That's The Way Boys Are
67%
131965Sunshine, Lollipops And Rainbows
67%
141964Maybe I Know
67%
161967California Nights
67%
271965Look Of Love
50%
711965All Of My Life
33%
821967Brink Of Disaster
33%
321965My Town, My Guy And Me
33%
371964I Don't Wanna Be A Loser
33%
501966Young Love
25%
761964Hey Now
25%
801965I Won't Love You Anymore (Sorry)
25%
651967Summer And Sandy
17%
761966We Know We're In Love
17%
861964Sometimes I Wish I Were A Boy
8%

Score Distribution

Percentile by Number Answered

Percent of People with Each Score

Your Score History

You have not taken this quiz